Determinants of Adherence to Treatment for Uncomplicated Malaria in Northeastern DRC (notice n° 2221402)

détails MARC
000 -LEADER
fixed length control field 02310cam a2200277 4500500
005 - DATE AND TIME OF LATEST TRANSACTION
control field 20260426002206.0
041 ## - LANGUAGE CODE
Language code of text/sound track or separate title fre
042 ## - AUTHENTICATION CODE
Authentication code dc
100 10 - MAIN ENTRY--PERSONAL NAME
Personal name Losimba Likwela, Joris
Relator term author
245 00 - TITLE STATEMENT
Title Determinants of Adherence to Treatment for Uncomplicated Malaria in Northeastern DRC
260 ## - PUBLICATION, DISTRIBUTION, ETC.
Date of publication, distribution, etc. 2012.<br/>
500 ## - GENERAL NOTE
General note 18
520 ## - SUMMARY, ETC.
Summary, etc. The purpose of this study was to identify the determinants of adherence to malaria treatment (co-blistered AS-AQ) among health care providers, medicine sellers and patients in the northeastern region of the Democratic Republic of Congo. A cross-sectional study was carried out on health care providers, medicine sellers and patients in 13 health zones between March and June 2009. Only 69% of the cases of uncomplicated malaria were treated with AS-AQ, including 62.3% of cases treated using the correct dosages. The availability of AS-AQ, the intention to prescribe AS-AQ, longer consultations, providing explanations to patients, working in rural areas, training on the new policy, and the availability of treatment guidelines were found to be significantly associated with treatment adherence among health care providers. The limited availability of AS-AQ, the adverse effects of the treatment, the use of low-quality AS-AQ and the availability of cheap illegal antimalarial drugs were the main factors associated with non-adherence. Among patients, non-adherence was related to the perceived adverse effects of malaria treatment. The results suggest that improving the accessibility and quality of AS-AQ and the quality of communication with patients, the provision of appropriate training to healthcare providers, the provision of treatment guidelines and appropriate supervision are needed to promote the use of AS-AQ.
690 ## - LOCAL SUBJECT ADDED ENTRY--TOPICAL TERM (OCLC, RLIN)
Topical term or geographic name as entry element adherence
690 ## - LOCAL SUBJECT ADDED ENTRY--TOPICAL TERM (OCLC, RLIN)
Topical term or geographic name as entry element antimalarials
690 ## - LOCAL SUBJECT ADDED ENTRY--TOPICAL TERM (OCLC, RLIN)
Topical term or geographic name as entry element artesunate-amodiaquine
690 ## - LOCAL SUBJECT ADDED ENTRY--TOPICAL TERM (OCLC, RLIN)
Topical term or geographic name as entry element DR Congo
690 ## - LOCAL SUBJECT ADDED ENTRY--TOPICAL TERM (OCLC, RLIN)
Topical term or geographic name as entry element malaria
700 10 - ADDED ENTRY--PERSONAL NAME
Personal name Macq, Jean
Relator term author
700 10 - ADDED ENTRY--PERSONAL NAME
Personal name Piette, Danielle
Relator term author
700 10 - ADDED ENTRY--PERSONAL NAME
Personal name Donnen, Philippe
Relator term author
700 10 - ADDED ENTRY--PERSONAL NAME
Personal name D’Alessandro, Umberto
Relator term author
700 10 - ADDED ENTRY--PERSONAL NAME
Personal name Dramaix-Wilmet, Michèle
Relator term author
786 0# - DATA SOURCE ENTRY
Note Santé Publique | 24 | HS | 2012-06-08 | p. 33-46 | 0995-3914
856 41 - ELECTRONIC LOCATION AND ACCESS
Uniform Resource Identifier <a href="https://stm.cairn.info/journal-sante-publique-2012-HS-page-33?lang=en&redirect-ssocas=7080">https://stm.cairn.info/journal-sante-publique-2012-HS-page-33?lang=en&redirect-ssocas=7080</a>

Pas d'exemplaire disponible.

PLUDOC

PLUDOC est la plateforme unique et centralisée de gestion des bibliothèques physiques et numériques de Guinée administré par le CEDUST. Elle est la plus grande base de données de ressources documentaires pour les Étudiants, Enseignants chercheurs et Chercheurs de Guinée.

Adresse

627 919 101/664 919 101

25 boulevard du commerce
Kaloum, Conakry, Guinée

Réseaux sociaux

Powered by Netsen Group @ 2025